Statistics for Parts of the Book of Concord: The Lutheran Confessions

Click here to take the quiz!

General Stats

  • This quiz has been taken 2 times
  • The average score is 8 of 12

Answer Stats

Sections% Correct
Catechisms
100%
The Augsburg Confession
100%
The Power and Primacy of the Pope
100%
The Smalcald Articles
100%
Formula of Concord:Epitome
50%
Formula of Concord
50%
Solid Declaration
50%
The Apology of the Augsburg Confession
50%
The Large Catechism
50%
Catechisms:The Small Catechism
50%
Three Universal Creeds
50%
Preface
0%

Score Distribution

Percentile by Number Answered

Percent of People with Each Score

Your Score History

You have not taken this quiz